जागतिकरकरण की नवीन गुलामगिरी. (Record no. 785924)

MARC details
000 -LEADER
fixed length control field 00771nam a2200181Ia 4500
008 - FIXED-LENGTH DATA ELEMENTS--GENERAL INFORMATION
fixed length control field 100921s9999 xx 000 0 und d
082 ## - DEWEY DECIMAL CLASSIFICATION NUMBER
Item number 36811
Classification number 301 न 02
100 ## - MAIN ENTRY--PERSONAL NAME
Personal name जैन नीरज.
245 ## - TITLE STATEMENT
Title जागतिकरकरण की नवीन गुलामगिरी.
260 ## - PUBLICATION, DISTRIBUTION, ETC. (IMPRINT)
Name of publisher, distributor, etc जोशी रामदास श्रीधर,पुणे.
Date of publication, distribution, etc 2002
300 ## - PHYSICAL DESCRIPTION
Extent 247
Other physical details रसिक साहित्य,पुणे
365 ## - TRADE PRICE
Price amount 100
520 ## - SUMMARY, ETC.
Summary, etc समाजशास्त्र.
630 ## - SUBJECT ADDED ENTRY--UNIFORM TITLE
Uniform title जागतिकरकरण की नवीन गुलामगिरी.
650 ## - SUBJECT ADDED ENTRY--TOPICAL TERM
Topical term or geographic name as entry element समाजशास्त्र.
730 ## - ADDED ENTRY--UNIFORM TITLE
Uniform title जागतिकरकरण की नवीन गुलामगिरी.
942 ## - ADDED ENTRY ELEMENTS (KOHA)
Koha item type Book
Holdings
Withdrawn status Lost status Damaged status Not for loan Home library Current library Shelving location Date acquired Cost, normal purchase price Total Checkouts Barcode Date last seen Price effective from Koha item type Public note
        Lo. Tilak Granthasangrahalaya, Wai Lo. Tilak Granthasangrahalaya, Wai     100.00   WAITILAKGS-36811 09/21/2010 09/21/2010 Book देवघेव